PATANJALI YOGA SUTRAM (Record no. 16577)

MARC details
000 -LEADER
fixed length control field 00331nam a22001457a 4500
003 - CONTROL NUMBER IDENTIFIER
control field SGT
020 ## - INTERNATIONAL STANDARD BOOK NUMBER
International Standard Book Number 978-93-80326-31-3
082 ## - DEWEY DECIMAL CLASSIFICATION NUMBER
Classification number 181.452
Item number P10V
100 ## - MAIN ENTRY--PERSONAL NAME
Personal name VERMA,G.L.
245 ## - TITLE STATEMENT
Title PATANJALI YOGA SUTRAM
260 ## - PUBLICATION, DISTRIBUTION, ETC. (IMPRINT)
Place of publication, distribution, etc NEW DELHI
Name of publisher, distributor, etc CHAUKHAMBA SANSKRIT PUB
Year of Publication 2010
300 ## - PAGE DESCRIPTION
No. of Pages 100
650 ## - SUBJECT ADDED ENTRY--TOPICAL TERM
Topical term or geographic name as entry element AYURVEDA
942 ## - ADDED ENTRY ELEMENTS (KOHA)
Source of classification or shelving scheme Dewey Decimal Classification
Koha item type Books
942 ## - ADDED ENTRY ELEMENTS (KOHA)
-- 84
Holdings
Withdrawn status Lost status Source of classification or shelving scheme Damaged status Use restrictions Not for loan Collection code Home library Current library Shelving location Date acquired Vendor Name Cost, normal purchase price SGTU Bill Number Full call number Accession No. (Barcode) Date last seen Bill Date Koha item type Total Checkouts Date last borrowed Total Renewals
    Dewey Decimal Classification   Restricted Access   AYURVEDA SGT FA-FP Library SGT FA-FP Library Reference Book 22/01/2019 CHAUKHAMBA PUB 150.00 SGTU 1338 181.452 P10V FA8581 22/01/2019 16/01/2019 Books      
    Dewey Decimal Classification       AYURVEDA SGT FA-FP Library SGT FA-FP Library Text Book 22/01/2019 CHAUKHAMBA PUB 150.00 SGTU 1338 181.452 P10V FA8582 15/12/2025 16/01/2019 Books 21 05/12/2025  
    Dewey Decimal Classification       AYURVEDA SGT FA-FP Library SGT FA-FP Library Text Book 22/01/2019 CHAUKHAMBA PUB 150.00 SGTU 1338 181.452 P10V FA8583 25/01/2020 16/01/2019 Books 1 13/01/2020  
    Dewey Decimal Classification       AYURVEDA SGT FA-FP Library SGT FA-FP Library Text Book 22/01/2019 CHAUKHAMBA PUB 150.00 SGTU 1338 181.452 P10V FA8584 21/11/2025 16/01/2019 Books 15 21/11/2025  
    Dewey Decimal Classification       AYURVEDA SGT FA-FP Library SGT FA-FP Library Text Book 22/01/2019 CHAUKHAMBA PUB 150.00 SGTU 1338 181.452 P10V FA8585 16/01/2025 16/01/2019 Books 12 14/12/2024  
    Dewey Decimal Classification       AYURVEDA SGT FA-FP Library SGT FA-FP Library Text Book 22/01/2019 CHAUKHAMBA PUB 150.00 SGTU 1338 181.452 P10V FA8586 26/12/2024 16/01/2019 Books 15 16/12/2024 1
    Dewey Decimal Classification       AYURVEDA SGT FA-FP Library SGT FA-FP Library Text Book 22/01/2019 CHAUKHAMBA PUB 150.00 SGTU 1338 181.452 P10V FA8587 16/12/2025 16/01/2019 Books 9 05/12/2025  
    Dewey Decimal Classification       AYURVEDA SGT FA-FP Library SGT FA-FP Library Text Book 22/01/2019 CHAUKHAMBA PUB 150.00 SGTU 1338 181.452 P10V FA8588 21/11/2025 16/01/2019 Books 11 21/11/2025  
    Dewey Decimal Classification       AYURVEDA SGT FA-FP Library SGT FA-FP Library Text Book 22/01/2019 CHAUKHAMBA PUB 150.00 SGTU 1338 181.452 P10V FA8589 04/06/2022 16/01/2019 Books 7 25/05/2022  
    Dewey Decimal Classification       AYURVEDA SGT FA-FP Library SGT FA-FP Library Text Book 22/01/2019 CHAUKHAMBA PUB 150.00 SGTU 1338 181.452 P10V FA8590 05/06/2025 16/01/2019 Books 10 22/05/2025